000 00587nam a2200193 a 4500
001 000028261
005 20240530073920.0
008 110407t2010 dr 000 f spa d
040 _aDO-SdBNP
_bspa
_cBNPHU
082 _aRD863.44
_bR789a
100 1 _aRosario, Cipriano,
_d1959-
_955257
245 1 4 _aLos amigos de mi amiga /
_cCipriano Rosario.
260 _aSanto Domingo :
_bArgos,
_c2010.
300 _a148 p. ;
_c23 cm.
590 _aInventariado, 2019/VM
650 0 _aNovela dominicana
_9223
650 0 _aLiteratura dominicana.
_967
910 _aValidado. Control de calidad EMS.
999 _c27753
_d27753